banner koha

Antifungal activity using medicinal plant extracts against pathogens of coffee tree (Registro n. 299499)

MARC details
000 -LÍDER
fixed length control field 04920nab a2200313 i 4500
003 - CÓDIGO MARC DA AGÊNCIA CATALOGADORA
Campo de controle BR-BrBNA
005 - DATA E HORA DA ÚLTIMA ATUALIZAÇÃO
Campo de controle 20240508164920.0
008 - CAMPO DE TAMANHO FIXO
fixed length control field 240508b2014 bl.qr|pooa||| 00| 0 eng |
040 ## - FONTE DA CATALOGAÇÃO
Agência catalogadora BR-BrBNA
Idioma da catalogação eng
072 ## - CATEGORIA AGRIS
Código AGRIS H20
Código do objeto 2120
100 ## - ENTRADA PRINCIPAL - NOME PESSOAL
Nome pessoal Silva, J.L.
100 ## - ENTRADA PRINCIPAL - NOME PESSOAL
Nome pessoal Souza, P.E.
100 ## - ENTRADA PRINCIPAL - NOME PESSOAL
Nome pessoal Monteiro, F.P.
100 ## - ENTRADA PRINCIPAL - NOME PESSOAL
Nome pessoal Freitas, M.L.O.
100 ## - ENTRADA PRINCIPAL - NOME PESSOAL
Nome pessoal Silva Júnior, M.B.
100 ## - ENTRADA PRINCIPAL - NOME PESSOAL
Nome pessoal Belan, L.L.
245 ## - TÍTULO PRINCIPAL
Título principal Antifungal activity using medicinal plant extracts against pathogens of coffee tree
500 ## - NOTA GERAL
Nota geral Publicação on-line; 30 ref.; 2 tables; Summaries (En, Pt)
942 ## - ADDED ENTRY ELEMENTS (KOHA)
Koha item type
520 ## - NOTA DE RESUMO
Nota de conteúdo <br/><br/>ABSTRACT: <br/><br/>Generally, the medicinal plants have antifungal substances that can be used<br/>for the plant protection against phytopathogens. The objective of this study was to know the<br/>efficiency of aqueous extracts from medicinal plants against the major etiological agents of<br/>coffee tree. The aqueous extracts used were extracted from bulbs of Allium sativum, leaves<br/>of Vernonia polysphaera, Cymbopogon citratus, Cymbopogon nardus, Cordia verbenacea,<br/>Eucalyptus citriodora, Ricinus communis, Azadirachta indica, Piper hispidinervum and flower<br/>buds of Syzygium aromaticum. The etiological agents considered for this study were Cercospora<br/>coffeicola, Colletotrichum gloeosporioides, Fusarium oxysporum, Phoma tarda, Rhizoctonia<br/>solani and Hemileia vastatrix. The screening for harmful extracts was done based on mycelial<br/>growth and conidial germination inhibition. All experiments performed were in vitro conditions.<br/>The inhibition of mycelial growth was performed mixing the extracts with the PDA. This mixture<br/>was poured in Petri dishes. On the center of the dishes was added one PDA disc with mycelium.<br/>It was incubated in a chamber set to 25ºC. The evaluation was done daily by measuring the<br/>mycelial growth. The germination assessment was also performed with Petri dishes containing<br/>agar-water medium at 2%. These were incubated at 25ºC for 24 hours. After this period the<br/>interruption of germination was performed using lactoglycerol. The experiments were conducted<br/>in a completely randomized design. The most effective plant extracts against the micelial growth<br/>and conidial germination were V. polysphaera, S. aromaticum and A. sativum.<br/><br/>Keywords: Phoma tarda, Cercospora coffeicola, Colletotrichum gloeosporioides, Hemileia<br/>vastatrix, Phytopathology.
520 ## - NOTA DE RESUMO
Nota de conteúdo <br/><br/>RESUMO: <br/><br/>Atividade antifúngica utilizando extratos de plantas medicinais contra<br/>fitopatógenos do cafeeiro. Geralmente, as plantas medicinais têm substâncias antifúngicas que<br/>podem ser utilizadas para a proteção das plantas contra fitopatógenos. O objetivo deste estudo<br/>foi conhecer a eficiência de extratos aquosos de plantas medicinais contra os principais agentes<br/>etiológicos do cafeeiro. Os extratos aquosos utilizados foram extraídos de bulbos de Allium<br/>sativum, folhas de Vernonia polysphaera, Cymbopogon citratus, Cymbopogon nardus, Cordia<br/>verbenacea, Eucalyptus citriodora, Ricinus communis, Azadirachta indica, Piper hispidinervum<br/>e botões florais de Syzygium aromaticum. Os agentes etiológicos considerados neste estudo<br/>foram Cercospora coffeicola, Colletotrichum gloeosporioides, Fusarium oxysporum, Phoma<br/>tarda, Rhizoctonia solani e Hemileia vastatrix. A triagem dos extratos foi realizada com base<br/>no crescimento micelial e na inibição da germinação de conídios. Todos os experimentos foram<br/>realizados em condições in vitro. A inibição do crescimento micelial foi realizada misturandose <br/>os extratos com PDA. Esta mistura foi vertida em placas de Petri. No centro das placas<br/>foi adicionado um disco de PDA com micélio. Incubou-se em câmara programada para 25°C.<br/>A avaliação foi feita diariamente através da medição do crescimento micelial. O experimento<br/>sobre a germinação também foi realizado com placas com meio ágar-água a 2%. Estas foram<br/>incubadas durante 24 horas. Após este período, a interrupção da germinação foi realizada<br/>utilizando lactoglicerol. Os experimentos foram conduzidos em delineamento inteiramente<br/>casualizado. Os extratos de plantas mais eficazes contra o crescimento micelial e germinação<br/>de conídios foram V. polysphaera, S. aromaticum e A. sativum.<br/><br/>Palavras-chaves: Phoma tarda, Cercospora coffeicola, Colletotrichum gloeosporioides,<br/>Hemileia vastatrix e Fitopatologia.
650 ## - ASSUNTO - THESAGRO
Cabeçalho tópico ou nome geográfico CERCOSPORA CAFFEICOLA
650 ## - ASSUNTO - THESAGRO
Cabeçalho tópico ou nome geográfico COLLETOTRICHUM GLOEOSPORIOIDES
650 ## - ASSUNTO - THESAGRO
Cabeçalho tópico ou nome geográfico HEMILEIA VASTATRIX
650 ## - ASSUNTO - THESAGRO
Cabeçalho tópico ou nome geográfico DOENÇA DE PLANTA
773 0# - ENTRADA ANALÍTICA
Host Biblionumber 3543
Registro do item 315062
Imprenta Botucatu-SP Instituto de Biociências - Departamento de Química e Bioquímica 1998
Outro identificador 2024-1315
Título Revista Brasileira de Plantas Medicinais (Brazil)
ISSN 1516-0572
Colação v. 16(3) p. 539-544; (2014)
Número de controle de registro BR2024000734
856 ## - ACESSO E ENDEREÇO ELETRÔNICO
Identificador uniforme de recurso - URI https://www.scielo.br/j/rbpm/a/XNgF8tnDYX4rWNtGkRQYB3R/?format=pdf&lang=en

Nenhum exemplar disponível.

BINAGRI

Telefone: (61)3218-2567/2388/3357/2097 - binagri@agro.gov.br

Ministério da Agricultura e Pecuária , Esplanada dos Ministérios, Bloco D, Anexo B, Brasília/DF, CEP: 70.043-900